ՀՀ Գիտությունների ազգային ակադեմիայի հիմնարար գիտական գրադարան  =   Fundamental Scientific Library of NAS RA

Դպրոցական գրադարանի տեխնիկան : (Record no. 84344)

MARC details
000 -LEADER
fixed length control field 00901nam a2200205 u 4500
001 - CONTROL NUMBER
control field 000238348
003 - CONTROL NUMBER IDENTIFIER
control field AM-YeHGA
005 - DATE AND TIME OF LATEST TRANSACTION
control field 20250618071613.0
008 - FIXED-LENGTH DATA ELEMENTS--GENERAL INFORMATION
fixed length control field 030623s1948 ai r 000 0 arm d
040 ## - CATALOGING SOURCE
Original cataloging agency AM-YeHGA
090 ## - LOCALLY ASSIGNED LC-TYPE CALL NUMBER (OCLC); LOCAL CALL NUMBER (RLIN)
-- 85621
100 1# - MAIN ENTRY--PERSONAL NAME
Personal name Զաքարյան, Բ.
245 10 - TITLE STATEMENT
Title Դպրոցական գրադարանի տեխնիկան :
Remainder of title (Համառոտ ցուցումներ) /
Statement of responsibility, etc. Բ. Զաքարյան; Հայկ. ՍՍՌ Լուսավոր. Մինիստրություն; Ռեսպուբլիկ. Մանկ. կաբինետ.
260 ## - PUBLICATION, DISTRIBUTION, ETC.
Place of publication, distribution, etc. Երևան :
Name of publisher, distributor, etc. Ա. հ.,
Date of publication, distribution, etc. 1948.
300 ## - PHYSICAL DESCRIPTION
Extent 61 էջ :
Other physical details նկ., աղս. ;
Dimensions 21 սմ.
504 ## - BIBLIOGRAPHY, ETC. NOTE
Bibliography, etc. note Մատենագիտ.՝ էջ 61
650 14 - SUBJECT ADDED ENTRY--TOPICAL TERM
Topical term or geographic name entry element Գրադարանային գործ
9 (RLIN) 246
710 2# - ADDED ENTRY--CORPORATE NAME
Corporate name or jurisdiction name as entry element Հայկական ՍՍՌ Լուսավորության Մինիստրություն
710 2# - ADDED ENTRY--CORPORATE NAME
Corporate name or jurisdiction name as entry element Ռեսպուբլիկական Մանկավարժական կաբինետ
Holdings
Withdrawn status Lost status Damaged status Not for loan Collection Home library Current library Date acquired Total checkouts Full call number Barcode Date last seen Cost, replacement price Price effective from Koha item type Public note
        General Fundamental Scientific Library Fundamental Scientific Library 22/12/2016   AII/4830 FL0024085 22/12/2016 5.00 22/12/2016 Գրքեր / Books 30 Days Loan
        General Fundamental Scientific Library Fundamental Scientific Library 22/12/2016   AII/4831 FL0024086 22/12/2016 5.00 22/12/2016 Գրքեր / Books 30 Days Loan
        General Fundamental Scientific Library Fundamental Scientific Library 22/12/2016   AII/4832 FL0024087 22/12/2016 5.00 22/12/2016 Գրքեր / Books 30 Days Loan
        General Fundamental Scientific Library Fundamental Scientific Library 22/12/2016   AII/4833 FL0024088 22/12/2016 5.00 22/12/2016 Գրքեր / Books 30 Days Loan
        General Fundamental Scientific Library Fundamental Scientific Library 22/12/2016   AII/4834 FL0024089 22/12/2016 5.00 22/12/2016 Գրքեր / Books 30 Days Loan


ՀՀ ԳԱԱ հիմնարար գիտական գրադարան
ՀՀ,Երևան 0019
Մարշալ Բաղրամյան 24/6
հեռախոս:(374-10) 52-47-50
Հետադարձ կապ

All site content, except where otherwise noted, is licensed under a
Creative Commons License